000 00375nam a2200133Ia 4500
008 220217s9999||||xx |||||||||||||| ||und||
020 _a81-203-2785-3
082 _a004.165 SRI
100 _aSrinath, N.K
245 0 _a8085 microprocessor programming and interfacing
260 _aPrentice hall of india
_bNew Delhi
_c2005
300 _b225
650 _aMICROPROCESSOR
999 _c176502
_d176502